<?xml version="1.0" encoding="UTF-8"?>
<collection xmlns="http://www.loc.gov/MARC21/slim">
 <record>
  <leader>01405nam a2200217Ia 4500</leader>
  <controlfield tag="001">CTU_95729</controlfield>
  <controlfield tag="008">210402s9999    xx            000 0 und d</controlfield>
  <datafield tag="020" ind1=" " ind2=" ">
   <subfield code="c">41000</subfield>
  </datafield>
  <datafield tag="082" ind1=" " ind2=" ">
   <subfield code="a">001</subfield>
  </datafield>
  <datafield tag="082" ind1=" " ind2=" ">
   <subfield code="b">M312</subfield>
  </datafield>
  <datafield tag="100" ind1=" " ind2=" ">
   <subfield code="a">Minh Quang</subfield>
  </datafield>
  <datafield tag="245" ind1=" " ind2="0">
   <subfield code="a">Tại sao, ở đâu? :</subfield>
  </datafield>
  <datafield tag="245" ind1=" " ind2="0">
   <subfield code="b">Các sự kiện trên thế giới, tìm hiểu về máy tính, Y học ...</subfield>
  </datafield>
  <datafield tag="245" ind1=" " ind2="0">
   <subfield code="c">Minh Quang, Quốc Thịnh</subfield>
  </datafield>
  <datafield tag="260" ind1=" " ind2=" ">
   <subfield code="a">Hà Nội</subfield>
  </datafield>
  <datafield tag="260" ind1=" " ind2=" ">
   <subfield code="b">Giao thông Vận tải</subfield>
  </datafield>
  <datafield tag="260" ind1=" " ind2=" ">
   <subfield code="c">2005</subfield>
  </datafield>
  <datafield tag="520" ind1=" " ind2=" ">
   <subfield code="a">Bộ sách &quot;Tại sao? Ở đâu?&quot; của tác giả Minh Quang là một sự tổng hợp kiến thức vê địa lý, lịch sử, tự nhiên xã hội, khoa học và vũ trụ cũng như sự hiểu biết về cơ thể người. Sách giải đáp cho bạn phần lớn những thắc mắc liên quan đến đời sống hằng ngày, những bí mật trong thế giới sinh vật đa dạng, các sự kiện lịch sử nỗi bật, tham vọng của con người chinh phục vũ trụ, đưa đến sự vươn xa của ngành khoa học khám phá vũ trụ...</subfield>
  </datafield>
  <datafield tag="650" ind1=" " ind2=" ">
   <subfield code="a">Knowledge</subfield>
  </datafield>
  <datafield tag="904" ind1=" " ind2=" ">
   <subfield code="i">M.Loan (sửa số pl 001/Qu106 thành 001/M312), Qhieu đã sửa số PL trong kho</subfield>
  </datafield>
  <datafield tag="980" ind1=" " ind2=" ">
   <subfield code="a">Trung tâm Học liệu Trường Đại học Cần Thơ</subfield>
  </datafield>
 </record>
</collection>
